| 000 | 01054nam a2200181Ia 4500 | ||
|---|---|---|---|
| 008 | 151202s9999||||xx |||||||||||||| ||und|| | ||
| 082 | _bPNVM-82822 | ||
| 100 | _aकेळकर मोहन वासुदेव. | ||
| 245 | _a"नर्मदा परिक्रमा पथदर्शिका-5 परिशिष्टे,44 B/W फोटोंच्या 22पानांसह." | ||
| 260 | _b"ग्रंथाली भारती,मेघमल्हार,नागपूर10." | ||
| 260 | _c2013 | ||
| 300 | _a130 | ||
| 600 | _aकेळकर मोहन वासुदेव. | ||
| 630 | _a"नर्मदा परिक्रमा पथदर्शिका-5 परिशिष्टे,44 B/W फोटोंच्या 22पानांसह." | ||
| 700 | _aकेळकर मोहन वासुदेव. | ||
| 730 | _a"नर्मदा परिक्रमा पथदर्शिका-5 परिशिष्टे,44 B/W फोटोंच्या 22पानांसह." | ||
| 942 | _cBOOK | ||
| 999 |
_c1347430 _d1347427 |
||